[Event "Bundesliga 9798"]
[Site "Deutschland"]
[Date "1998.??.??"]
[Round "?.7"]
[White "Schuh, Hubert"]
[Black "Hort, Vlastimil"]
[Result "0-1"]
[WhiteElo "2305"]
[BlackElo "2510"]
[PlyCount "84"]
[EventDate "1997.10.??"]
[EventType "team"]
[EventRounds "15"]
[EventCountry "GER"]
[SourceTitle "Bundesliga 9798"]
[Source "DeepChess"]
[SourceDate "2005.01.01"]
[SourceVersion "1"]
[SourceVersionDate "2005.01.01"]
[SourceQuality "1"]
[WhiteTeam "SK Zaehringen 1921"]
[BlackTeam "SG Porz e.V."]
[WhiteTeamCountry "GER"]
[BlackTeamCountry "GER"]

1. d4 d6 2. Nf3 f5 3. Nc3 Nf6 4. Bg5 d5 5. Bxf6 exf6 6. e3 Be6 7. Bd3 Qd7 8.
Ne2 Nc6 9. c3 Bd6 10. Qc2 Ne7 11. h4 O-O-O 12. b4 Rhe8 13. g3 Ng8 14. h5 Nh6
15. Nh4 Rg8 16. Nf4 Bxf4 17. gxf4 g5 18. hxg6 hxg6 19. O-O-O Rg7 20. Rdg1 Rdg8
21. Nf3 Nf7 22. Kb2 Kb8 23. Nd2 Nd6 24. Rh6 Qe8 25. a4 Rh8 26. Rgh1 Rgg8 27.
Rxh8 Rxh8 28. Rxh8 Qxh8 29. c4 dxc4 30. Nxc4 Bxc4 31. Bxc4 Qh1 32. Bd3 c6 33.
a5 Qd5 34. Qe2 g5 35. fxg5 fxg5 36. Ka3 Qh1 37. Kb3 g4 38. Bc4 Qb1+ 39. Kc3
Qc1+ 40. Kb3 Ne4 41. Bd3 Nd2+ 42. Ka2 Qc3 0-1

[Event "Bundesliga 9798"]
[Site "Deutschland"]
[Date "1998.??.??"]
[Round "?.8"]
[White "Holzke, Frank"]
[Black "Vatter, Hans Joachim"]
[Result "1/2-1/2"]
[WhiteElo "2400"]
[BlackElo "2265"]
[PlyCount "86"]
[EventDate "1997.10.??"]
[EventType "team"]
[EventRounds "15"]
[EventCountry "GER"]
[SourceTitle "Bundesliga 9798"]
[Source "DeepChess"]
[SourceDate "2005.01.01"]
[SourceVersion "1"]
[SourceVersionDate "2005.01.01"]
[SourceQuality "1"]
[WhiteTeam "SG Porz e.V."]
[BlackTeam "SK Zaehringen 1921"]
[WhiteTeamCountry "GER"]
[BlackTeamCountry "GER"]

1. e4 c5 2. Nf3 e6 3. d4 cxd4 4. Nxd4 a6 5. Bd3 Bc5 6. Nb3 Ba7 7. O-O Nc6 8.
Qg4 Kf8 9. Qg3 d6 10. Be3 Nf6 11. Bxa7 Rxa7 12. c4 g6 13. Nc3 Kg7 14. Rfd1 e5
15. Be2 Be6 16. Qd3 Ne8 17. Qe3 Qb8 18. Rac1 Nf6 19. Nd5 Bxd5 20. cxd5 Ne7 21.
Na5 Ra8 22. Bf3 Rd8 23. Rc3 Rd7 24. Rdc1 Qd8 25. b4 Rc8 26. g3 h5 27. Qa7 Ra8
28. Qe3 Rc8 29. h4 Rdc7 30. Rxc7 Rxc7 31. Rxc7 Qxc7 32. Qa7 Qc3 33. Kg2 Qxb4
34. Nxb7 Nxe4 35. Nd8 Qe1 36. Nc6 Nxd5 37. Nd8 Ne7 38. Ne6+ Kf6 39. Nc7 Nc6 40.
Ne8+ Ke6 41. Ng7+ Kf6 42. Ne8+ Ke6 43. Ng7+ Kf6 1/2-1/2

[Event "Bundesliga 9798"]
[Site "Deutschland"]
[Date "1997.??.??"]
[Round "?.5"]
[White "King, Daniel J"]
[Black "Nijboer, Friso"]
[Result "1-0"]
[WhiteElo "2530"]
[BlackElo "2605"]
[PlyCount "79"]
[EventDate "1997.10.??"]
[EventType "team"]
[EventRounds "15"]
[EventCountry "GER"]
[SourceTitle "Bundesliga 9798"]
[Source "DeepChess"]
[SourceDate "2005.01.01"]
[SourceVersion "1"]
[SourceVersionDate "2005.01.01"]
[SourceQuality "1"]
[WhiteTeam "SV Castrop Rauxel 1923"]
[BlackTeam "SG Porz e.V."]
[WhiteTeamCountry "GER"]
[BlackTeamCountry "GER"]

1. e4 d6 2. d4 g6 3. Nc3 Bg7 4. Nf3 Nf6 5. Be2 O-O 6. O-O Bg4 7. h3 Bxf3 8.
Bxf3 Nc6 9. Ne2 e5 10. c3 exd4 11. cxd4 Re8 12. Qd3 Nb4 13. Qb3 c5 14. dxc5
dxc5 15. Nc3 Qe7 16. Nd5 Nbxd5 17. exd5 Nd7 18. Qxb7 Rab8 19. Qxa7 Qd6 20. Qa4
Ne5 21. Be2 Qxd5 22. Be3 c4 23. Rac1 Rec8 24. Rfd1 Qe6 25. Rd2 Ra8 26. Qd1 Rxa2
27. Rd8+ Bf8 28. Rxc8 Qxc8 29. f4 Bc5 30. Bxc5 Qxc5+ 31. Kh1 Rxb2 32. fxe5 c3
33. Qd8+ Qf8 34. Qxf8+ Kxf8 35. Bd3 Rb3 36. Bc4 Ra3 37. Kg1 Ke7 38. Kf2 Ra5 39.
Rxc3 Rc5 40. Kf3 1-0

[Event "Bundesliga 9798"]
[Site "Deutschland"]
[Date "1997.??.??"]
[Round "?.6"]
[White "Stangl, Markus"]
[Black "Hoffmann, Michael"]
[Result "1/2-1/2"]
[WhiteElo "2530"]
[BlackElo "2440"]
[PlyCount "61"]
[EventDate "1997.10.??"]
[EventType "team"]
[EventRounds "15"]
[EventCountry "GER"]
[SourceTitle "Bundesliga 9798"]
[Source "DeepChess"]
[SourceDate "2005.01.01"]
[SourceVersion "1"]
[SourceVersionDate "2005.01.01"]
[SourceQuality "1"]
[WhiteTeam "SG Porz e.V."]
[BlackTeam "SV Castrop Rauxel 1923"]
[WhiteTeamCountry "GER"]
[BlackTeamCountry "GER"]

1. Nf3 c5 2. c4 Nf6 3. Nc3 e6 4. g3 b6 5. Bg2 Bb7 6. O-O a6 7. Re1 d5 8. cxd5
Nxd5 9. d4 cxd4 10. Nxd5 Qxd5 11. Nh4 Qd7 12. Bxb7 Qxb7 13. Qxd4 Nc6 14. Qe4
Be7 15. Be3 O-O 16. Rac1 Rac8 17. Rc2 Bxh4 18. gxh4 Rfd8 19. Rec1 Rd5 20. f3 b5
21. Kg2 Qd7 22. Rc3 Ne7 23. Rxc8+ Nxc8 24. Bf4 h6 25. Rc7 Qd8 26. Rc6 a5 27.
Qc2 Ne7 28. Rc7 Rd7 29. Rc5 Rd5 30. Rc7 Rd7 31. Rc5 1/2-1/2

[Event "Bundesliga 9798"]
[Site "Deutschland"]
[Date "1997.??.??"]
[Round "?.7"]
[White "Appel, Ralf"]
[Black "Vogt, Lothar"]
[Result "1/2-1/2"]
[WhiteElo "2495"]
[BlackElo "2515"]
[PlyCount "80"]
[EventDate "1997.10.??"]
[EventType "team"]
[EventRounds "15"]
[EventCountry "GER"]
[SourceTitle "Bundesliga 9798"]
[Source "DeepChess"]
[SourceDate "2005.01.01"]
[SourceVersion "1"]
[SourceVersionDate "2005.01.01"]
[SourceQuality "1"]
[WhiteTeam "SV Castrop Rauxel 1923"]
[BlackTeam "SG Porz e.V."]
[WhiteTeamCountry "GER"]
[BlackTeamCountry "GER"]

1. Nf3 Nf6 2. g3 g6 3. Bg2 Bg7 4. O-O O-O 5. c4 d6 6. Nc3 c6 7. d4 Qa5 8. h3
Be6 9. Nd2 Na6 10. a3 c5 11. e3 Rab8 12. Qe2 Rfc8 13. Rd1 Ne8 14. d5 Bd7 15.
Nb3 Qd8 16. a4 Nb4 17. e4 b6 18. Bf4 a6 19. e5 dxe5 20. Bxe5 Bxe5 21. Qxe5 Nd6
22. Nd2 Bf5 23. Nce4 Qf8 24. g4 Bxe4 25. Bxe4 Re8 26. Qc3 Qg7 27. Re1 e6 28.
dxe6 Rxe6 29. Bd5 Rxe1+ 30. Rxe1 Qxc3 31. bxc3 Nxd5 32. cxd5 Kf8 33. c4 b5 34.
axb5 axb5 35. cxb5 c4 36. b6 Rxb6 37. Ne4 Nxe4 38. Rxe4 Rb1+ 39. Kg2 c3 40. Rc4
Rd1 1/2-1/2

[Event "Bundesliga 9798"]
[Site "Deutschland"]
[Date "1997.??.??"]
[Round "?.8"]
[White "Van der Wiel, John TH"]
[Black "Brendel, Oliver"]
[Result "1-0"]
[WhiteElo "2525"]
[BlackElo "2425"]
[PlyCount "23"]
[EventDate "1997.10.??"]
[EventType "team"]
[EventRounds "15"]
[EventCountry "GER"]
[SourceTitle "Bundesliga 9798"]
[Source "DeepChess"]
[SourceDate "2005.01.01"]
[SourceVersion "1"]
[SourceVersionDate "2005.01.01"]
[SourceQuality "1"]
[WhiteTeam "SG Porz e.V."]
[BlackTeam "SV Castrop Rauxel 1923"]
[WhiteTeamCountry "GER"]
[BlackTeamCountry "GER"]

1. e4 c5 2. Nf3 Nc6 3. Bb5 Nf6 4. Nc3 Nd4 5. e5 Nxb5 6. Nxb5 Nd5 7. Ng5 f6 8.
Qf3 Nc7 9. exf6 exf6 10. Qe4+ Be7 11. Nd6+ Kf8 12. Ngf7 1-0

[Event "Bundesliga 9798"]
[Site "Deutschland"]
[Date "1997.??.??"]
[Round "?.1"]
[White "Lutz, Christopher"]
[Black "Epishin, Vladimir"]
[Result "1-0"]
[WhiteElo "2590"]
[BlackElo "2570"]
[PlyCount "69"]
[EventDate "1997.10.??"]
[EventType "team"]
[EventRounds "15"]
[EventCountry "GER"]
[SourceTitle "Bundesliga 9798"]
[Source "DeepChess"]
[SourceDate "2005.01.01"]
[SourceVersion "1"]
[SourceVersionDate "2005.01.01"]
[SourceQuality "1"]
[WhiteTeam "SG Porz e.V."]
[BlackTeam "SV Empor Berlin e.V."]
[WhiteTeamCountry "GER"]
[BlackTeamCountry "GER"]

1. e4 c5 2. Nf3 d6 3. d4 cxd4 4. Nxd4 Nf6 5. Nc3 a6 6. Be2 e5 7. Nb3 Be7 8. O-O
O-O 9. Be3 Qc7 10. a4 Be6 11. a5 Nbd7 12. Nd5 Bxd5 13. exd5 Ne8 14. c4 g6 15.
f4 exf4 16. Bxf4 Bf6 17. Qd2 Ng7 18. Rac1 b6 19. Qb4 bxa5 20. Qxd6 Qa7+ 21. Kh1
a4 22. Bg4 Rfd8 23. Bxd7 Bxb2 24. Nc5 Ba3 25. Qf6 Qxc5 26. Be5 Qf8 27. Bxa4
Bxc1 28. Rxc1 h5 29. d6 Rab8 30. d7 Kh7 31. Bd6 Qg8 32. Bxb8 Rxb8 33. c5 Qf8
34. Bb3 Rd8 35. Bxf7 1-0

[Event "Bundesliga 9798"]
[Site "Deutschland"]
[Date "1997.??.??"]
[Round "?.5"]
[White "Hansen, Curt"]
[Black "Hetey, Laszlo"]
[Result "1/2-1/2"]
[WhiteElo "2600"]
[BlackElo "2345"]
[PlyCount "74"]
[EventDate "1997.10.??"]
[EventType "team"]
[EventRounds "15"]
[EventCountry "GER"]
[SourceTitle "Bundesliga 9798"]
[Source "DeepChess"]
[SourceDate "2005.01.01"]
[SourceVersion "1"]
[SourceVersionDate "2005.01.01"]
[SourceQuality "1"]
[WhiteTeam "SG Porz e.V."]
[BlackTeam "SV Empor Berlin e.V."]
[WhiteTeamCountry "GER"]
[BlackTeamCountry "GER"]

1. e4 c5 2. Nf3 d6 3. d4 cxd4 4. Nxd4 Nf6 5. Nc3 e6 6. g4 a6 7. g5 Nfd7 8. Be3
b5 9. a3 Bb7 10. h4 Nc5 11. Qg4 Nc6 12. h5 Qc7 13. Nxc6 Bxc6 14. Bg2 Nd7 15. f4
a5 16. O-O Be7 17. Ne2 Qb7 18. Nd4 Bxe4 19. f5 Bxg2 20. Qxg2 Qxg2+ 21. Kxg2
exf5 22. Nxf5 g6 23. Bd4 Ne5 24. Nxe7 Kxe7 25. Rae1 Rhc8 26. c3 b4 27. axb4
axb4 28. cxb4 gxh5 29. Bxe5 Rc2+ 30. Rf2 Rxf2+ 31. Kxf2 dxe5 32. Rxe5+ Kd6 33.
Rf5 Ra2 34. Rxf7 Rxb2+ 35. Kf3 Rxb4 36. Rxh7 Ke6 37. Rxh5 Kf5 1/2-1/2

[Event "Bundesliga 9798"]
[Site "Deutschland"]
[Date "1997.??.??"]
[Round "?.6"]
[White "Thinius, Marco"]
[Black "Stangl, Markus"]
[Result "0-1"]
[WhiteElo "2310"]
[BlackElo "2530"]
[PlyCount "82"]
[EventDate "1997.10.??"]
[EventType "team"]
[EventRounds "15"]
[EventCountry "GER"]
[SourceTitle "Bundesliga 9798"]
[Source "DeepChess"]
[SourceDate "2005.01.01"]
[SourceVersion "1"]
[SourceVersionDate "2005.01.01"]
[SourceQuality "1"]
[WhiteTeam "SV Empor Berlin e.V."]
[BlackTeam "SG Porz e.V."]
[WhiteTeamCountry "GER"]
[BlackTeamCountry "GER"]

1. d4 d5 2. Nf3 e6 3. c4 c6 4. Nc3 dxc4 5. a4 Bb4 6. e3 b5 7. Bd2 a5 8. axb5
Bxc3 9. Bxc3 cxb5 10. b3 Bb7 11. bxc4 b4 12. Bb2 Nf6 13. Bd3 Nbd7 14. O-O O-O
15. Nd2 Qc7 16. f4 a4 17. Rc1 a3 18. Ba1 Bc6 19. e4 Qb7 20. e5 Ne4 21. Nb3 f5
22. exf6 Ndxf6 23. f5 Ba4 24. c5 Kh8 25. Bc4 exf5 26. Rxf5 Rad8 27. Qd3 Be8 28.
Qf3 Bg6 29. Rf4 Rfe8 30. Rf1 h6 31. Qh3 Nd5 32. Rg4 Bh7 33. Qf3 Ng5 34. Rxg5
hxg5 35. Qh5 Ne3 36. Rf3 Nxc4 37. d5 Re1+ 38. Kf2 Rxa1 39. Rh3 Ra2+ 40. Kg1 g6
41. Qxg6 Rf8 0-1

[Event "Bundesliga 9798"]
[Site "Deutschland"]
[Date "1997.??.??"]
[Round "?.7"]
[White "Vogt, Lothar"]
[Black "Richter, Michael"]
[Result "1-0"]
[WhiteElo "2515"]
[BlackElo "2370"]
[PlyCount "81"]
[EventDate "1997.10.??"]
[EventType "team"]
[EventRounds "15"]
[EventCountry "GER"]
[SourceTitle "Bundesliga 9798"]
[Source "DeepChess"]
[SourceDate "2005.01.01"]
[SourceVersion "1"]
[SourceVersionDate "2005.01.01"]
[SourceQuality "1"]
[WhiteTeam "SG Porz e.V."]
[BlackTeam "SV Empor Berlin e.V."]
[WhiteTeamCountry "GER"]
[BlackTeamCountry "GER"]

1. e4 c5 2. c3 d6 3. d4 Nf6 4. Bd3 e5 5. dxe5 dxe5 6. Nf3 Nc6 7. Qe2 h6 8. O-O
Bd6 9. Nbd2 O-O 10. Re1 a6 11. a4 Re8 12. Nc4 Na5 13. Nfd2 Bg4 14. f3 Be6 15.
Nxd6 Qxd6 16. Nc4 Bxc4 17. Bxc4 b5 18. Ba2 bxa4 19. Bc4 Qc6 20. Be3 Rab8 21.
Ra2 Rb6 22. Rea1 Reb8 23. Bc1 Nb3 24. Bxb3 axb3 25. Rxa6 Nd7 26. Be3 Nf8 27.
Qc4 Ne6 28. Kf2 Qb5 29. Qxb5 Rxb5 30. Ke2 Kh7 31. Rd6 Rc8 32. Rd5 f6 33. Rd6
Nd8 34. Ra7 Nc6 35. Ra6 Na5 36. Kd3 c4+ 37. Kd2 Nb7 38. Rd7 Rd8 39. Rxd8 Nxd8
40. Ra4 Ne6 41. Rxc4 1-0

[Event "Bundesliga 9798"]
[Site "Deutschland"]
[Date "1997.??.??"]
[Round "?.8"]
[White "Deev, Andrei"]
[Black "Holzke, Frank"]
[Result "1/2-1/2"]
[WhiteElo "2400"]
[BlackElo "2400"]
[PlyCount "54"]
[EventDate "1997.10.??"]
[EventType "team"]
[EventRounds "15"]
[EventCountry "GER"]
[SourceTitle "Bundesliga 9798"]
[Source "DeepChess"]
[SourceDate "2005.01.01"]
[SourceVersion "1"]
[SourceVersionDate "2005.01.01"]
[SourceQuality "1"]
[WhiteTeam "SV Empor Berlin e.V."]
[BlackTeam "SG Porz e.V."]
[WhiteTeamCountry "GER"]
[BlackTeamCountry "GER"]

1. e4 e6 2. d4 d5 3. Nd2 Nf6 4. e5 Nfd7 5. Ngf3 c5 6. c3 Nc6 7. Bd3 Qb6 8. O-O
cxd4 9. cxd4 Nxd4 10. Nxd4 Qxd4 11. Nf3 Qb6 12. Qa4 Qb4 13. Qc2 Nc5 14. Bd2 Qa4
15. b3 Qd7 16. Nd4 Nxd3 17. Qxd3 Bc5 18. Rfc1 b6 19. Nb5 O-O 20. b4 Ba6 21.
bxc5 Bxb5 22. Qg3 Kh8 23. Qh4 d4 24. a4 Bc6 25. Ra3 d3 26. Qc4 b5 27. Qxd3 Qxd3
1/2-1/2

[Event "Bundesliga 9798"]
[Site "Deutschland"]
[Date "1997.??.??"]
[Round "?.1"]
[White "Votava, Jan"]
[Black "Lutz, Christopher"]
[Result "0-1"]
[WhiteElo "2515"]
[BlackElo "2590"]
[PlyCount "75"]
[EventDate "1997.10.??"]
[EventType "team"]
[EventRounds "15"]
[EventCountry "GER"]
[SourceTitle "Bundesliga 9798"]
[Source "DeepChess"]
[SourceDate "2005.01.01"]
[SourceVersion "1"]
[SourceVersionDate "2005.01.01"]
[SourceQuality "1"]
[WhiteTeam "SV Erfurt West 90"]
[BlackTeam "SG Porz e.V."]
[WhiteTeamCountry "GER"]
[BlackTeamCountry "GER"]

1. e4 c5 2. Nf3 d6 3. d4 cxd4 4. Nxd4 Nf6 5. Nc3 a6 6. Be3 e5 7. Nb3 Be6 8. f3
Be7 9. Qd2 Nbd7 10. O-O-O b5 11. Qf2 Qb8 12. g4 b4 13. Nd5 Bxd5 14. exd5 a5 15.
g5 Nh5 16. Bh3 a4 17. Nd2 b3 18. axb3 axb3 19. Nxb3 Ra4 20. Bg4 Nf4 21. h4 Qb7
22. Bxf4 Rxf4 23. Rhe1 Nb6 24. Qf1 Nc4 25. Re4 Rxe4 26. fxe4 Ne3 27. Na5 Qb4
28. Qa6 O-O 29. Nc6 Qxe4 30. Nxe7+ Kh8 31. Qe2 Ra8 32. Kd2 Qd4+ 33. Ke1 Nxd1
34. Qxd1 Ra1 35. Qxa1 Qg1+ 36. Kd2 Qxa1 37. Kc3 Qe1+ 38. Kb3 0-1

[Event "Bundesliga 9798"]
[Site "Deutschland"]
[Date "1997.??.??"]
[Round "?.2"]
[White "Khalifman, Alexander"]
[Black "Casper, Thomas"]
[Result "1-0"]
[WhiteElo "2655"]
[BlackElo "2415"]
[PlyCount "95"]
[EventDate "1997.10.??"]
[EventType "team"]
[EventRounds "15"]
[EventCountry "GER"]
[SourceTitle "Bundesliga 9798"]
[Source "DeepChess"]
[SourceDate "2005.01.01"]
[SourceVersion "1"]
[SourceVersionDate "2005.01.01"]
[SourceQuality "1"]
[WhiteTeam "SG Porz e.V."]
[BlackTeam "SV Erfurt West 90"]
[WhiteTeamCountry "GER"]
[BlackTeamCountry "GER"]

1. d4 Nf6 2. c4 d6 3. Nf3 Nbd7 4. Nc3 e5 5. e4 Be7 6. Be2 O-O 7. O-O c6 8. Be3
h6 9. Qc2 Nh7 10. Rad1 Bf6 11. d5 c5 12. a3 Be7 13. b4 b6 14. Rb1 Ndf6 15. Bd2
Ne8 16. bxc5 bxc5 17. Ne1 Bg5 18. Nd3 Bxd2 19. Qxd2 Qe7 20. f4 exf4 21. Qxf4 f6
22. Bg4 Bxg4 23. Qxg4 Ng5 24. Qf5 Nc7 25. Rb7 Rfb8 26. Rfb1 Qd8 27. h4 Nf7 28.
Nf4 Rxb7 29. Rxb7 Ne5 30. Nb5 Ne8 31. Ng6 Qa5 32. Nxe5 fxe5 33. Qg4 Qe1+ 34.
Kh2 h5 35. Qg5 Qxe4 36. Nxd6 Qf4+ 37. Qxf4 exf4 38. Ne4 Rc8 39. d6 Rd8 40. d7
Nf6 41. Nxc5 a5 42. Kg1 Kf7 43. Kf2 Ng4+ 44. Kf3 Ne5+ 45. Ke4 Ng6 46. Kd5 Ke7
47. Rb2 Nxh4 48. Re2+ 1-0

[Event "Bundesliga 9798"]
[Site "Deutschland"]
[Date "1997.??.??"]
[Round "?.3"]
[White "Kuczynski, Robert"]
[Black "Vaganian, Rafael A"]
[Result "1/2-1/2"]
[WhiteElo "2495"]
[BlackElo "2640"]
[PlyCount "102"]
[EventDate "1997.10.??"]
[EventType "team"]
[EventRounds "15"]
[EventCountry "GER"]
[SourceTitle "Bundesliga 9798"]
[Source "DeepChess"]
[SourceDate "2005.01.01"]
[SourceVersion "1"]
[SourceVersionDate "2005.01.01"]
[SourceQuality "1"]
[WhiteTeam "SV Erfurt West 90"]
[BlackTeam "SG Porz e.V."]
[WhiteTeamCountry "GER"]
[BlackTeamCountry "GER"]

1. e4 e6 2. d4 d5 3. Nc3 Bb4 4. e5 b6 5. h4 Qd7 6. h5 Bf8 7. f4 Ba6 8. Bxa6
Nxa6 9. Qe2 Nb4 10. a3 Nc6 11. Nf3 Nh6 12. Be3 f5 13. Nd1 Na5 14. Bd2 Nc4 15.
Bc3 Be7 16. a4 O-O 17. Rh3 Ng4 18. b3 Na5 19. Nf2 c5 20. Rg3 cxd4 21. Bxd4 Nxf2
22. Bxf2 Rfc8 23. Nd4 Bb4+ 24. Kf1 a6 25. Rd1 Bc3 26. Nf3 b5 27. axb5 axb5 28.
h6 g6 29. Nh4 Kf7 30. Rgd3 Bb4 31. g4 fxg4 32. Qxg4 Rxc2 33. Rxd5 Qc6 34. Rd7+
Be7 35. Nf3 Ke8 36. Kg1 Rc1 37. Ng5 Qxd7 38. Rxc1 Nxb3 39. Rd1 Qxd1+ 40. Qxd1
Ra1 41. Qxa1 Nxa1 42. Nxh7 Kf7 43. Ng5+ Bxg5 44. fxg5 b4 45. Kf1 b3 46. Bd4 Nc2
47. Bc3 Ne3+ 48. Ke2 Nd5 49. Kd2 Nb6 50. Kd3 Na4 51. Bd4 Kg8 1/2-1/2

[Event "Bundesliga 9798"]
[Site "Deutschland"]
[Date "1997.??.??"]
[Round "?.4"]
[White "Nijboer, Friso"]
[Black "Mueller, Matthias"]
[Result "1/2-1/2"]
[WhiteElo "2605"]
[BlackElo "2400"]
[PlyCount "34"]
[EventDate "1997.10.??"]
[EventType "team"]
[EventRounds "15"]
[EventCountry "GER"]
[SourceTitle "Bundesliga 9798"]
[Source "DeepChess"]
[SourceDate "2005.01.01"]
[SourceVersion "1"]
[SourceVersionDate "2005.01.01"]
[SourceQuality "1"]
[WhiteTeam "SG Porz e.V."]
[BlackTeam "SV Erfurt West 90"]
[WhiteTeamCountry "GER"]
[BlackTeamCountry "GER"]

1. e4 e5 2. Nf3 Nc6 3. Bb5 a6 4. Ba4 Nf6 5. O-O b5 6. Bb3 Bc5 7. Nxe5 Nxe5 8.
d4 Bxd4 9. Qxd4 d6 10. c3 Bb7 11. Bc2 c5 12. Qd1 O-O 13. Re1 Re8 14. f4 Ned7
15. Nd2 c4 16. b4 Qb6+ 17. Kf1 Re7 1/2-1/2

[Event "Bundesliga 9798"]
[Site "Deutschland"]
[Date "1997.??.??"]
[Round "?.5"]
[White "Renner, Christoph"]
[Black "Stangl, Markus"]
[Result "1/2-1/2"]
[WhiteElo "2415"]
[BlackElo "2530"]
[PlyCount "137"]
[EventDate "1997.10.??"]
[EventType "team"]
[EventRounds "15"]
[EventCountry "GER"]
[SourceTitle "Bundesliga 9798"]
[Source "DeepChess"]
[SourceDate "2005.01.01"]
[SourceVersion "1"]
[SourceVersionDate "2005.01.01"]
[SourceQuality "1"]
[WhiteTeam "SV Erfurt West 90"]
[BlackTeam "SG Porz e.V."]
[WhiteTeamCountry "GER"]
[BlackTeamCountry "GER"]

1. e4 c6 2. d4 d5 3. exd5 cxd5 4. Bd3 Nc6 5. c3 Qc7 6. Ne2 Bg4 7. f3 Bh5 8. Nf4
Nf6 9. Nxh5 Nxh5 10. O-O Nf4 11. Bc2 e6 12. g3 Ng6 13. f4 Bd6 14. Nd2 O-O-O 15.
Nf3 f6 16. Qe2 Rhe8 17. Be3 Kb8 18. Rae1 Ka8 19. f5 exf5 20. Bxf5 Nf8 21. Qg2
Re7 22. Re2 Rde8 23. Rfe1 Qa5 24. Bb1 Qb5 25. Nh4 g6 26. Qf1 f5 27. Kf2 Ne6 28.
Nf3 f4 29. Bxf4 Nxf4 30. Rxe7 Qxf1+ 31. Kxf1 Rxe7 32. Rxe7 Nxe7 33. gxf4 Bxf4
34. Ke2 Kb8 35. h3 Kc7 36. Ne1 Kd6 37. Kf3 Bd2 38. Nd3 b6 39. Bc2 Nc6 40. Ke2
Bg5 41. Ba4 Ne7 42. Be8 Bf6 43. Nf4 Bg5 44. Kf3 Nf5 45. Ba4 Bh6 46. Bb3 Ne7 47.
Bc2 Nc6 48. h4 Ne7 49. Kg4 Nc6 50. Bd3 Ne7 51. Bc2 Nc6 52. Bd1 Ne7 53. Bf3 Nf5
54. Nxd5 Ne3+ 55. Nxe3 Bxe3 56. b3 Bd2 57. c4 Be3 58. d5 h5+ 59. Kg3 a5 60. Be4
g5 61. Bg6 gxh4+ 62. Kxh4 b5 63. Bd3 a4 64. bxa4 bxa4 65. Kxh5 a3 66. Kg6 Bc5
67. Bc2 Bb6 68. Kf7 Bc7 69. Bb3 1/2-1/2

[Event "Bundesliga 9798"]
[Site "Deutschland"]
[Date "1997.??.??"]
[Round "?.6"]
[White "Vogt, Lothar"]
[Black "Troyke, Christian"]
[Result "1-0"]
[WhiteElo "2515"]
[BlackElo "2400"]
[PlyCount "75"]
[EventDate "1997.10.??"]
[EventType "team"]
[EventRounds "15"]
[EventCountry "GER"]
[SourceTitle "Bundesliga 9798"]
[Source "DeepChess"]
[SourceDate "2005.01.01"]
[SourceVersion "1"]
[SourceVersionDate "2005.01.01"]
[SourceQuality "1"]
[WhiteTeam "SG Porz e.V."]
[BlackTeam "SV Erfurt West 90"]
[WhiteTeamCountry "GER"]
[BlackTeamCountry "GER"]

1. e4 c5 2. c3 d6 3. d4 Nf6 4. Bd3 e5 5. dxe5 dxe5 6. Nf3 Nc6 7. Qe2 Be7 8. O-O
O-O 9. h3 a6 10. a4 Qc7 11. Na3 Rb8 12. Nc4 Rd8 13. Bg5 Ne8 14. Ne3 Bxg5 15.
Nxg5 Qe7 16. Nf3 f6 17. Nd5 Qf8 18. Bc4 Kh8 19. Rfd1 Be6 20. Nb6 Qf7 21. Nd2
Nc7 22. Kh2 Na5 23. Bxe6 Nxe6 24. g3 Rd6 25. Ndc4 Nxc4 26. Nxc4 Rxd1 27. Rxd1
Rd8 28. Rxd8+ Nxd8 29. Qd3 Qc7 30. Qd5 Nf7 31. a5 g6 32. h4 Kg7 33. Nb6 h5 34.
Nd7 Qxa5 35. Qxb7 Qa1 36. Qb6 Qb1 37. Qxf6+ Kg8 38. Qxg6+ 1-0

[Event "Bundesliga 9798"]
[Site "Deutschland"]
[Date "1997.??.??"]
[Round "?.7"]
[White "Fuhrmann, Daniel"]
[Black "Van der Wiel, John TH"]
[Result "1/2-1/2"]
[WhiteElo "2295"]
[BlackElo "2525"]
[PlyCount "86"]
[EventDate "1997.10.??"]
[EventType "team"]
[EventRounds "15"]
[EventCountry "GER"]
[SourceTitle "Bundesliga 9798"]
[Source "DeepChess"]
[SourceDate "2005.01.01"]
[SourceVersion "1"]
[SourceVersionDate "2005.01.01"]
[SourceQuality "1"]
[WhiteTeam "SV Erfurt West 90"]
[BlackTeam "SG Porz e.V."]
[WhiteTeamCountry "GER"]
[BlackTeamCountry "GER"]

1. d4 d6 2. c4 e5 3. Nf3 e4 4. Ng5 f5 5. g3 c6 6. Bg2 Be7 7. Nh3 Nf6 8. Nc3 Na6
9. O-O O-O 10. f3 exf3 11. exf3 Nc7 12. Nf4 Re8 13. Re1 Bf8 14. Be3 g6 15. Qd2
Bg7 16. Rac1 Bd7 17. b4 a5 18. b5 cxb5 19. cxb5 Nxb5 20. Nxb5 Bxb5 21. d5 Bd7
22. Bd4 Rc8 23. Ne6 Rxc1 24. Qxc1 Qe7 25. f4 Bxe6 26. Rxe6 Qd8 27. Qe3 Rxe6 28.
dxe6 Qe7 29. h3 Ne4 30. Bxe4 fxe4 31. Bxg7 Kxg7 32. Qd4+ Qf6 33. Qxe4 Qa1+ 34.
Kg2 Qb2+ 35. Kf3 Qc3+ 36. Kf2 Qd2+ 37. Kf1 Qd1+ 38. Kf2 Qd2+ 39. Kf1 Qc1+ 40.
Kf2 Qc5+ 41. Kf1 Qb5+ 42. Kf2 Qb2+ 43. Kf3 Qc3+ 1/2-1/2

[Event "Bundesliga 9798"]
[Site "Deutschland"]
[Date "1997.??.??"]
[Round "?.8"]
[White "Brunner, Lucas"]
[Black "Voekler, Bernd"]
[Result "1-0"]
[WhiteElo "2465"]
[BlackElo "2395"]
[PlyCount "153"]
[EventDate "1997.10.??"]
[EventType "team"]
[EventRounds "15"]
[EventCountry "GER"]
[SourceTitle "Bundesliga 9798"]
[Source "DeepChess"]
[SourceDate "2005.01.01"]
[SourceVersion "1"]
[SourceVersionDate "2005.01.01"]
[SourceQuality "1"]
[WhiteTeam "SG Porz e.V."]
[BlackTeam "SV Erfurt West 90"]
[WhiteTeamCountry "GER"]
[BlackTeamCountry "GER"]

1. d4 Nf6 2. Nf3 g6 3. Bf4 Bg7 4. e3 d6 5. h3 O-O 6. Be2 Nbd7 7. O-O b6 8. c4
Bb7 9. Nc3 Ne4 10. Nxe4 Bxe4 11. Bg3 h6 12. Nd2 Bb7 13. Bf3 Bxf3 14. Nxf3 f5
15. Qb3 Kh7 16. Rad1 Qe8 17. d5 Nc5 18. Qc2 Ne4 19. Bh2 c5 20. dxc6 Qxc6 21.
Nd4 Bxd4 22. exd4 Rf7 23. Qb3 Kg7 24. d5 Qd7 25. Rfe1 Kh7 26. f3 Nc5 27. Qc2
Qc7 28. Kh1 Nd7 29. Qd3 Rb8 30. Re2 Qb7 31. Bg1 Ne5 32. Qd4 Rc8 33. b3 Nd7 34.
Rde1 Nf6 35. a4 Rc7 36. Kh2 Qc8 37. Qd2 Qf8 38. Bd4 Nd7 39. Bb2 Nc5 40. Qc2 a5
41. Bd4 Ra7 42. g3 Rb7 43. Kg2 Ra7 44. Qc3 Qd8 45. h4 h5 46. Be3 Qh8 47. Qc2
Qg7 48. Bg5 Kg8 49. Kh3 Rc7 50. Re3 Ra7 51. Qe2 Kf8 52. Qd2 Kg8 53. Rb1 Qf8 54.
Ree1 Kh7 55. Qc2 Qe8 56. Re2 Qd7 57. Kg2 Qe8 58. Rbe1 Kg8 59. Re3 Qd8 60. Qe2
Kf8 61. Kh2 Rc7 62. g4 f4 63. Qb2 Kg8 64. Re6 Nxe6 65. Rxe6 Rg7 66. Bh6 Qf8 67.
Rxg6 Rxg6 68. Bxf8 hxg4 69. h5 Rg5 70. fxg4 Rxg4 71. Bh6 Kh7 72. Kh3 Rg3+ 73.
Kh4 e5 74. dxe6 Kxh6 75. Qh8+ Rh7 76. Qf6+ Rg6 77. Qxg6# 1-0